|
|
|
|
| LEADER |
00925nam a22002297a 4500 |
| 001 |
AAL4133 |
| 003 |
BD-DhAAL |
| 005 |
20160315115023.0 |
| 008 |
160315s 1996bg ||||| |||| 00| 0 ben d |
| 020 |
|
|
|a 9844930030
|
| 040 |
|
|
|a BD-DhAAL
|c BD-DhAAL
|
| 082 |
|
|
|a 220
|
| 245 |
|
|
|a বার্নাবাসের বাইবেল /
|c অনূদিত আফজাল চৌধুরী
|
| 260 |
|
|
|a ঢাকা :
|b বাংলা কো-অপারেটিভ বুক সোসাইটি,
|c ১৯৯৬
|
| 300 |
|
|
|a ২৭৪ পৃ. ;
|c ২২ সে.মি.
|
| 541 |
|
|
|e 4133
|
| 650 |
|
|
|a Bible
|9 18534
|
| 700 |
|
|
|a চৌধুরী, আফজাল
|9 18535
|
| 852 |
|
|
|a Savar Campus Library
|c General Shelf
|
| 942 |
|
|
|2 ddc
|c BK
|
| 999 |
|
|
|c 37124
|d 37124
|
| 952 |
|
|
|0 0
|1 0
|2 ddc
|4 0
|6 220_000000000000000_BAR
|7 0
|9 58387
|a SCL
|b SCL
|c GEN
|d 2016-03-15
|g 150.00
|l 1
|o 220 BAR
|p 3020004133
|r 2023-03-27
|s 2023-03-26
|t 1
|w 2016-03-15
|y BK
|